| 000 | 00480nam a2200169Ia 4500 | ||
|---|---|---|---|
| 020 | _a0 273 03345 x | ||
| 082 | _a808.042 MIN | ||
| 100 |
_aMINTO, Barbara _97334 |
||
| 245 | 4 | _aThe Pyramid Principle: Logic in Writing and Thinking | |
| 260 | _aLondon: | ||
| 260 | _bPitman Publishing | ||
| 260 | _c1987 | ||
| 300 |
_a162p. _b: ill.; 25cm. |
||
| 500 | _aIncludes biographiacal references. | ||
| 650 |
_aEnglish language --Business EnglishBusiness writing. _98460 |
||
| 942 | _cBK | ||
| 999 |
_c11848 _d11848 |
||